1538 1817 1269 1085 1388 1235 1768 1415 1367 1081 1203 1667 1336 1856 1476 1532 1889 1575 1290 1832 1650 1389 1590 1431 1907 1435 1362 1373 1829 1526 1915 1317 1407 1962 1553 1375 1860 1622 1569 1406 1566 1585 1944 1626 1186 1076 1211 1904 1285 1314 1658 1042 1454 1968 1717 1498 1214 1210 1040 1931 1989 1327 1400 1818 1097 1524 1822 1272 1230 1298 1613 1229 1879 1987 1275 1146 1923 1464 1706 1007 1413 1558 1098 1510 1070 1275 1603 1511 1943 1402 1413 1482 1022 1659 1227 1531 1198 1875 1920 BCNSPRNW ULIB Ver.6.0+V

เปลี่ยนเป็นภาษาไทย

Change to English
 แสดงรายละเอียดบรรณานุกรม
  กลับหน้าหลัก

Brief Record : Get Marc (ISO 2709) : E-mail record : QR code < ปิดหน้าต่าง
LEADER : 00000nam 2200000uu 4500
001    13399112591
003     ULIB
008    110826s2552||||th 000 0 tha d
020    9789743009440
050  4 HQ772^bป458ห 2552
100 0  ปริญญา ตันสกุล
245 10 หลักการสอนลูกให้เป็นเด็กดี /^cปริญญา ตันสกุล
260    กรุงเทพฯ :^bจิตจักรวาล,^c2552
300    163 หน้า
650  4 เด็ก^xการดูแล
650  4 บิดามารดาและบุตร
650  4 จิตวิทยาเด็ก
945    ^p150^l0^i027635
995    ทศพร
999 ^a ทศพร
รายการนี้ยังไม่มีแท็ก
คุณยังไม่ได้ล็อกอิน คุณสามารถมีกิจกรรมร่วมกับเว็บไซต์ได้ แต่ต้องล็อกอินก่อน ::
  ล็อกอิน

รายการสื่อสารสนเทศ

ลำดับที่ ประเภท เลขเรียก/บาร์โค้ด สถานที่ สถานะ
- ไม่พบข้อมูล -

รายการใกล้เคียง
    ผู้แต่ง [ปริญญา ตันสกุล]

    หัวเรื่อง [เด็ก การดูแล]
    หัวเรื่อง [บิดามารดาและบุตร]
    หัวเรื่อง [จิตวิทยาเด็ก]

BibComment


ยังไม่เคยถูกคอมเมนท์

คอมเมนท์ทรัพยากรรายการนี้
  คอมเมนท์: หลักการสอนลูกให้เ..


 Copyright 2026. Bcnsprnw @Library